Представление документа в формате RUSMARC

ПолеНазваниеЗначение
  Тип записи a
  Библиографический уровень m
001 Контрольный номер RU/SLIB/B/208711580
005 Дата корректировки 20241106165341.9
010 Индекс ISBN __
d Цена 26-00
101 Язык документа 0_
a Язык текста rus
c Язык оригинала rus
200 Заглавие и сведения об ответственности 0_
a Заглавие Законодательство и право России второй половины XVII в.
f Первые сведения об ответственности А. Г. Маньков
b Общее обозначение материала Текст
210 Выходные данные 1_
a Место издания СПб.
c Издательство Наука
d Дата издания 1998
215 Физическое описание __
a Объем 216 с.
606 Тематические рубрики __
a Основная рубрика Право
606 Тематические рубрики __
a Основная рубрика История государства и права
z Хронологическая подрубрика 17 в.
y Географическая подрубрика Россия
610 Ключевые слова 0_
a Ключевые слова история законодательства; законодательная деятельность
686 Индексы других классификаций __
2 Код системы rubbks
a Классификационный индекс 67.3(2)4
700 Автор _1
a Фамилия Маньков
b Имя А. Г.
4 Код отношения 070
801 Источник записи _0
a Страна RU
b Организация Муниципальное бюджетное учреждение культуры "Централизованная библиотечная система" г. Сургут (Центральная городская библиотека им. А. С. Пушкина)
g Правила каталогизации ОБ/СМОЛЯКОВА
801 Источник записи _1
a Страна RU
b Организация Муниципальное бюджетное учреждение культуры "Централизованная библиотечная система" г. Сургут (Центральная городская библиотека им. А. С. Пушкина)
g Правила каталогизации ОБ/СМОЛЯКОВА
852 Данные о местонахождении __
j Шифр хранения 67.3(2)4
c Каталожный индекс 67.3(2)
i Авторский знак М 24
p Инвентарный номер 71181
901 Тип документа __
t Тип документа m
903 Характеристики (МАРС) __
a Дата передачи 19990615; 19990323
990 Данные о заказе (DOS) 00
j Количество экземпляров (DOS) 2
t N записи в КСУ для И/У (DOS) 199901